| 000 | 00969cam a2200217 4500 | ||
|---|---|---|---|
| 001 | WB3732-05 | ||
| 008 | 010830n2001 000 0 eng u | ||
| 035 | _a(Sirsi) u114402 | ||
| 245 | _aAccidents in construction | ||
| 260 | _c2001 | ||
| 490 |
_aConstruction News _v(6731) 30 August 2001, 3(1) |
||
| 520 | _aAn independent report, by consultancy Bomel, contends that the causes of many accidents in the construction industry are beyond the control of the Health and Safety Executive. It highlights a number of external factors, which it suggests have a greater impact on the number of accidents than HSE-led safety initiatives. "Improving Health and Safety in Construction - Data Collection, Review and Structuring" is due to be published autumn 2001. | ||
| 590 | _aWB | ||
| 650 | _aHSE | ||
| 650 | _aACCIDENTS | ||
| 650 | _aCAUSES | ||
| 650 | _aREPORT | ||
| 650 | _aCONSTRUCTION SECTOR | ||
| 690 | _aBUILT ENVIRONMENT-BUILDING STANDARDS | ||
| 942 | _n0 | ||
| 999 |
_c68134 _d68134 |
||